Quick Pick: Blended Elements II Quiz Stats

 Plays Quiz Updated Oct 7, 2017

Challenge
Share
Tweet
Embed
Score 0/10 Timer 01:30
0 Plays Today
% Correct
Copton
83.2%
Ingen
81.4%
Zalt
79.5%
Antifur
78.3%
Sillium
78%
Thorine
76.3%
Nemuth
69.8%
Scanfordium
66.7%
Pallatinium
64.5%
Euroad
57.8%

Today's Daily Dose

Missing Word
No Snow!

Word Ladder
Wild Cats

On This Day
December 16th II

You're not logged in!

Compare scores with friends on all Sporcle quizzes.
OR
Log In

You Might Also Like...

Show Comments

Extras

Top Quizzes Today


Score Distribution

Your Account Isn't Verified!

In order to create a playlist on Sporcle, you need to verify the email address you used during registration. Go to your Sporcle Settings to finish the process.

Report this User

Report this user for behavior that violates our Community Guidelines.

Details: